Avatar, le Dernier Maître de l'Air - Personnages - Statistiques

Statistiques générales
  • Ce quiz a été pris 207 fois
    192 depuis la dernière actualisation
  • Le résultat moyen est 27 sur 158
Statistiques - réponses
Par images Réponse % Correct
Aang
99%
Katara
99%
Sokka
96%
Toph Beifong
96%
Zuko
96%
Appa
94%
Azula
89%
Momo
87%
Suki
85%
Général Iroh
80%
Mai
79%
le Rock
76%
Roku
72%
Roi Bumi
64%
Kyoshi
63%
Ozai, Seigneur du Feu
60%
Jet
52%
Capitaine Li
50%
Yu
49%
Princesse Yue
45%
La
40%
Chin le Grand
37%
Maître Pakku
37%
Ty Lee
37%
Azulon
35%
Commandant Zhao
34%
la Flèche
34%
Gyatso
33%
Sozin
31%
Demi-Portion
30%
Li
30%
Lee
26%
le Duc
24%
Lo
24%
Oma & Shu
24%
Poi & Ping
24%
Yangchen
23%
Hama
22%
Kuruk
22%
la Dame Peinte
22%
Espoir
19%
Kuei, Roi de la Terre
19%
Pesticide
19%
Ying
19%
Bato
18%
le Marchand de choux
18%
Ran & Shaw
17%
Ursa
17%
Haru
16%
June
15%
Kya
15%
Hakoda
13%
Lao Beifong
13%
Maire Tong
13%
Bouboule Boum Boum
12%
Général Fong
12%
Hippo
12%
Jeong Jeong
12%
Long Feng
12%
Lu Ten
12%
Wan Shi Tong
12%
Poppy Beifong
11%
Tante Wu
11%
Bosco
10%
Fang
10%
Jin
10%
Kanna
10%
Hahn
9%
Joo Dee
8%
Maître Piandao
8%
Miyuki
8%
Teo
8%
Tom-tom
8%
Tui
8%
Chan
6%
le Mécanicien
6%
Pathik
6%
Ming
5%
Meng
4%
Nyla
4%
Bushi
3%
Chef Arnook
3%
Chit Sang
3%
Chong
3%
Dock
3%
Fat
3%
Flopsie
3%
Fung
3%
Grand-père Ding
3%
Jin Wei
3%
Koko
3%
Lieutenant Jee
3%
Ministre de la Guerre Qin
3%
M.Yao
3%
Pao
3%
Professeur Zei
3%
Song
3%
Tho
3%
Wei Jin
3%
Yon Rha
3%
Chey
2%
Directeur Poon
2%
Due
2%
Gow
2%
Hide
2%
Huu
2%
Lily
2%
Moku
2%
Oh
2%
Qin Lee
2%
Quon
2%
Sage du Feu Shyu
2%
Ukano
2%
Xu
2%
Yugoda
2%
Colonel Mongke
1%
Gansu
1%
Général Mung
1%
Général Shinu
1%
Ghashiun
1%
Ham Ghao
1%
Haut Général Bujing
1%
How
1%
Jinju
1%
Kahchi
1%
Kenji
1%
le Gecko
1%
le Gopher
1%
Lin-Yee
1%
Madame Kwan
1%
Madame Macmu-Ling
1%
Malu
1%
Michi
1%
Ogodei
1%
On Ji
1%
Oyaji
1%
Pasang
1%
Pong
1%
Ruon-Jian
1%
Sangok
1%
Sela
1%
Sha-Mo
1%
Shoji
1%
Shuzumu
1%
Slim
1%
Soeur Iio
1%
Star
1%
Sud
1%
Sung
1%
Ta Min
1%
Tashi
1%
Than
1%
Tycho
1%
Tyro
1%
Vachir
1%
Xin Fu
1%
Yeh-Lu
1%
Yung
1%
Aucun quiz correspondant
Distribution des résultats
% des personnes avec chaque résultat
Percentile par nombre de réponses
Votre historique - résultats
Vous n’avez pas pris ce quiz depuis la dernière actualisation